La nulidad procesal civil, penal y de derecho pb︢lico

Detalles Bibliográficos
Autor principal: Otero Lathrop, Miguel
Formato: eBook
Lenguaje:español
Publicado: Santiago de Chile : Editorial jurd̕ica de Chile, 2010
Materias:
Acceso en línea:Acceso restringido

MARC

LEADER 00000nam a22000007a 4500
005 20120613172037.0
007 cr|||| ||||
008 120613s2010 cl |||||s|||| 00||0 spa d
020 |a 956-10-2056-4 
035 |a 6185 
040 |a vLex 
090 |c 3173  |d 3173 
100 1 |a  Otero Lathrop, Miguel 
245 1 3 |a La nulidad procesal civil, penal y de derecho pb︢lico  |h [Recurso electrn̤ico] /  |c Miguel Otero Lathrop 
256 |a Servicio en ln̕ea 
260 |a Santiago de Chile :  |b Editorial jurd̕ica de Chile,  |c 2010 
300 |a 1 recurso electrn̤ico 
500 |a Excelente y novedosa obra basada en la doctrina, la jurisprudencia de nuestros tribunales y en fuentes constitucionales y legales. Respecto de la nulidad procesal civil estudia el incidente de nulidad, los recursos de casacin̤ en la forma y en el fondo y la nulidad de oficio. Respecto de la nulidad procesal penal se analiza el incidente de nulidad, el recurso de nulidad y la nulidad de oficio. Muy particular es el estudio de la nulidad procesal de derecho pb︢lico, cuya existencia ha sido reconocida reiteradamente en sentencias de nuestros tribunales de justicia. Obra de gran utilidad para jueces y abogados por su estilo claro y preciso enriquecido con abundante y actualizada jurisprudencia.  
506 1 |a Contenido solo disponible en los productos indicados  |d vLex Global   |d vLex Global (Academic Edition, excluding Law Schools)   |d vLex Global (U.S. Academic Edition, Law Schools)   |d vLex Global (U.S. Academic Edition, excluding Law Schools)   |d vLex Global (Academic Edition, Law Schools)  
650 0 4 |a Nulidad (Derecho)  |z Chile 
650 0 4 |a Derecho penal  |z Chile 
650 0 4 |a Procedimiento civil  |z Chile 
650 0 4 |a Derecho pb︢lico  |z Chile 
740 0 |a vLex Libros (Servicio en ln̕ea) 
856 4 0 |u http://vlex.com/source/6185  |z Acceso restringido 
942 |c BOOK 
999 0 |a Nullity 
999 0 |a Civil procedure 
999 0 |a Criminal law 
999 0 |a Public law